| Tag |
First Indicator |
Second Indicator |
Subfields |
| LEADER |
00000cam a22000004a 4500 |
| 001 |
in00002736404 |
| 005 |
20151202144503.0 |
| 008 |
110107s2012 enk 000 0 eng |
| 010 |
|
|
|a 2011000228
|
| 020 |
|
|
|a 9780415668699 (hbk.)
|
| 020 |
|
|
|a 0415668697 (hbk.)
|
| 020 |
|
|
|a 9780415672955 (pbk.)
|
| 020 |
|
|
|a 0415672953 (pbk.)
|
| 035 |
|
|
|a (OCoLC)ocn694393629
|
| 040 |
|
|
|a DLC
|c DLC
|d UtOrBLW
|
| 042 |
|
|
|a pcc
|
| 043 |
|
|
|a ev-----
|
| 049 |
|
|
|a TXAM
|
| 050 |
0 |
0 |
|a HV9718
|b .N67 2012
|
| 082 |
0 |
0 |
|a 365/.948
|2 22
|
| 245 |
0 |
0 |
|a Penal exceptionalism? :
|b Nordic prison policy and practice /
|c edited by Thomas Ugelvik and Jane Dullum.
|
| 264 |
|
1 |
|a London ;
|a New York :
|b Routledge,
|c 2012.
|
| 300 |
|
|
|a ix, 266 pages :
|b illustrations ;
|c 25 cm.
|
| 336 |
|
|
|a text
|b txt
|2 rdacontent
|
| 337 |
|
|
|a unmediated
|b n
|2 rdamedia
|
| 338 |
|
|
|a volume
|b nc
|2 rdacarrier
|
| 504 |
|
|
|a Includes bibliographical references and index.
|
| 650 |
|
0 |
|a Corrections
|z Scandinavia.
|
| 650 |
|
0 |
|a Prisons
|z Scandinavia.
|
| 700 |
1 |
|
|a Ugelvik, Thomas.
|
| 700 |
1 |
|
|a Dullum, Jane,
|d 1960-
|
| 945 |
|
|
|a PromptCat
|b 670268
|
| 946 |
|
|
|a stk
|
| 947 |
|
|
|a A14840510814
|
| 948 |
|
|
|a cataloged
|b h
|c 2011/12/8
|d c
|e dmitchel
|f 2:10:20 pm
|
| 994 |
|
|
|a 92
|b TXA
|
| 999 |
|
|
|a MARS
|
| 999 |
f |
f |
|s bb3ea3b3-abde-3dcc-91ef-516abaa7756b
|i dfc79b7c-090e-3074-8abd-f312bea8f113
|t 0
|
| 952 |
f |
f |
|p normal
|a Texas A&M University
|b College Station
|c Sterling C. Evans Library
|d Evans: Library Stacks
|t 0
|e HV9718 .N67 2012
|h Library of Congress classification
|i unmediated -- volume
|m A14840510814
|
| 998 |
f |
f |
|a HV9718 .N67 2012
|t 0
|l Evans: Library Stacks
|